Monologue Amélie Neten - Texte à trous - Statistiques

Statistiques générales
  • Ce quiz a été pris 34 fois
  • Le résultat moyen est 41 sur 104
Statistiques - réponses
Réponse % Correct
Il
100%
il
100%
faut
85%
A
74%
à
74%
a
74%
que
74%
Que
74%
oui
67%
Oui
67%
sacher
67%
sûr
67%
Bien
63%
qui
63%
se
63%
de
59%
au
56%
Nabilla
56%
par
56%
des
52%
moment
52%
un
52%
donné
48%
pris
44%
qu'il
41%
aussi
37%
ce
33%
dire
33%
moi
33%
râteaux
33%
s'est
33%
tu
33%
faire
30%
la
30%
m'a
30%
phénoménales
30%
te
30%
dit
26%
essayé
26%
je
26%
pour
26%
arrête
22%
dans
22%
Donc
22%
donc
22%
savoir
22%
dis
19%
essayer
19%
et
19%
presse
19%
quand
19%
téléphone
19%
voulu
19%
eu
15%
J'ai
15%
paparazzis
15%
parce
15%
personne
15%
prendre
15%
raconte
15%
Sofiane
15%
voilà
15%
choses
11%
plait
11%
s'il
11%
t'en
11%
vais
11%
vérité.
11%
vérité
11%
commences
7%
encore
7%
maintenant
7%
week-end
7%
n'intéresse
0%
sincèrement
0%
Aucun quiz correspondant
Distribution des résultats
% des personnes avec chaque résultat
Percentile par nombre de réponses
Votre historique - résultats
Vous n’avez pas pris ce quiz